000 00761cam a22002653a 4500
001 12329
003 PGUSA
005 20140828083248.0
008 040501s2004||||xxu|||||s|||||000 p eng d
040 _aPGUSA
_beng
042 _adc
050 4 _aPS
100 1 _aWoodberry, George Edward,
_d1855-1930
245 1 0 _aHeart of Man
_h[electronic resource] /
_cGeorge Edward Woodberry
260 _bProject Gutenberg,
_c2004
505 0 _aTaormina -- A new defence of poetry -- Democracy -- The ride.
506 _aPublic domain in the USA.
516 _aElectronic text
653 _aPoetry
653 _aTaormina (Italy)
653 _aDemocracy
830 0 _aProject Gutenberg
_v12329
856 4 0 _uhttp://www.gutenberg.org/ebooks/12329
942 _cEB
999 _c241584
_d241584